000 01605nam a2200241Ia 4500
003 Ost
005 20260507075255.0
008 260507s9999||||xx |||||||||||||| ||und||
020 _a7597249960
040 _cfsecg
041 _aara
100 _aكليمان، روبرت
_eمؤلف
245 0 _aاتخاذ القرارات الصعبة باستخدام مجموعة نظم برامج أدوات القرار :
_bالكتاب الثاني /
_c روبرت كليمان
260 _aالرياض:
_b,
_c2010
300 _a(519 ) من 543 الى 1061 صفحة؛
_bإيضاحات ؛
_c24 سم
504 _aملاحق ص.1017
520 _a2 ) نمذجة عدم التأكد : نماذج الاحتمال النظرية ، استخدام البيانات و محاكاة مونت كارلو ، قيمة المعلومات : الاستثمار في سوق الأوراق المالية و الاعصارات النبتية 3) نمذجة التفضيلات : مواقف المخاطرة محاربة هاريمان من أجل خط سكة حديد شمال الباسفيك ، بديهيات المنفعة و ظاهريات التناقض و التضمينات ، الأهداف المتعارضة : الأهداف الأساسية و دالة المنفعة الجمعية ، نماذج المنفعة متععدة الخواص مع التداخلات .
653 _aإتخاذ القرار
653 _aالاجراءات الادارية
653 _aالقرارات الادارية
700 _aسرور، سرور علي ابراهيم
_eمؤلف ثانوي
942 _cكتاب
999 _c43725
_d43725